Concise encyclopaedia of mineral resources (Record no. 38356)
[ view plain ]
| 000 -LEADER | |
|---|---|
| fixed length control field | 00607nam a2200181 a 4500 |
| 008 - FIXED-LENGTH DATA ELEMENTS--GENERAL INFORMATION | |
| fixed length control field | 120416s1989 ||||||||||||||||| || u |
| 020 ## - INTERNATIONAL STANDARD BOOK NUMBER | |
| International Standard Book Number | 0080347347 |
| 050 ## - LIBRARY OF CONGRESS CALL NUMBER | |
| Classification number | TN 263 Con |
| 100 ## - MAIN ENTRY--PERSONAL NAME | |
| Personal name | Carr, Donald |
| 245 10 - TITLE STATEMENT | |
| Title | Concise encyclopaedia of mineral resources |
| Statement of responsibility, etc. | edited by Donald Carr |
| 260 ## - PUBLICATION, DISTRIBUTION, ETC. | |
| Place of publication, distribution, etc. | Oxford |
| Name of publisher, distributor, etc. | Pergamon Press |
| Date of publication, distribution, etc. | 1989 |
| 300 ## - PHYSICAL DESCRIPTION | |
| Extent | xxiii, 426p. : ill |
| 350 ## - PRICE (NR) (BK AM CF MU VM SE) [OBSOLETE] | |
| Price | 0.00 |
| 650 ## - SUBJECT ADDED ENTRY--TOPICAL TERM | |
| Topical term or geographic name entry element | MINERALS--ENCYCLOPEDIAS |
| 650 #3 - SUBJECT ADDED ENTRY--TOPICAL TERM | |
| Topical term or geographic name entry element | MINERALS |
| 700 ## - ADDED ENTRY--PERSONAL NAME | |
| Personal name | Herz, Norman |
| 995 ## - RECOMMENDATION 995 [LOCAL, UNIMARC FRANCE] | |
| -- | 0.00 |
| -- | CBU-MAIN LIBRARY (Kitwe) |
| -- | 1 |
| -- | 109.00 |
| -- | 1 |
| -- | REFERENCE |
| -- | Reference Collection |
| Withdrawn status | Lost status | Source of classification or shelving scheme | Damaged status | Not for loan | Home library | Current library | Shelving location | Date acquired | Total Checkouts | Full call number | Barcode | Date last seen | Price effective from | Koha item type |
|---|---|---|---|---|---|---|---|---|---|---|---|---|---|---|
| CBU-MAIN LIBRARY, KITWE. | CBU-MAIN LIBRARY, KITWE. | 11/30/2022 | TN 263 Con | 018070 | 11/30/2022 | 11/30/2022 | MONOGRAPH |